Music Quiz

Random Music or Artist Quiz

Real people named in #1 song lyrics Quiz Stats

 Plays Quiz not verified by Sporcle

Also try: Boy Band Members
Challenge
Share
Tweet
Embed
Score 0/22 Timer 06:00
0 Plays Today
Celebrity name Song (Artist) % Correct
Mick JaggerMoves Like Jagger (Maroon 5)
76.9%
Greta GarboBette Davis Eyes (Kim Carnes)
72.5%
Bette DavisBette Davis Eyes (Kim Carnes)
72.3%
Joe DiMaggioMrs Robinson (Simon & Garfunkel)
62.9%
Wolfgang Amadeus MozartRock Me Amadeus (Falco)
62%
James DeanWe Didn't Start The Fire (Billy Joel)
53.6%
Joe DiMaggioWe Didn't Start The Fire (Billy Joel)
53.6%
Doris DayWe Didn't Start The Fire (Billy Joel)
53.6%
Johnnie RayWe Didn't Start The Fire (Billy Joel)
53.5%
Greta GarboVogue (Madonna)
46.8%
James DeanVogue (Madonna)
37.2%
Celebrity name Song (Artist) % Correct
Joe DiMaggioVogue (Madonna)
37.2%
Bette DavisVogue (Madonna)
37.2%
James DeanAmerican Pie (Don McLean)
29.5%
Mick JaggerTik Tok (Ke$ha)
23.9%
Johnnie RayCome On Eileen (Dexys Midnight Runners)
23.8%
James DeanRock On (Michael Damian)
18.5%
Lucy LiuHey Ya! (OutKast)
18.1%
Lucy LiuIndependent Women Part 1 (Destiny's Child)
14.2%
James DeanJack & Diane (John Cougar)
10.5%
Doris DayWake Me Up Before You Go-Go (Wham!)
10.1%
Wolfgang Amadeus MozartBlinded by the Light (Manfred Mann's Earth Band)
3.7%

You're not logged in!

Compare scores with friends on all Sporcle quizzes.
OR
Log In

You Might Also Like...

Show Comments

Extras

Top Quizzes Today


Score Distribution

Your Account Isn't Verified!

In order to create a playlist on Sporcle, you need to verify the email address you used during registration. Go to your Sporcle Settings to finish the process.

Report this User

Report this user for behavior that violates our Community Guidelines.

Details: